Pedagogía de nuestro tiempo: hechos problemas orientaciones
Uloženo v:
| Hlavní autor: | |
|---|---|
| Médium: | Kniha |
| Jazyk: | španělština |
| Vydáno: |
Buenos Aires
Kapelusz
1965
|
| Edice: | Biblioteca de Cultura Pedagógica
|
| Témata: | |
| Tagy: |
Přidat tag
Žádné tagy, Buďte první, kdo vytvoří štítek k tomuto záznamu!
|
MARC
| LEADER | 00000nam a2200000 a 4500 | ||
|---|---|---|---|
| 001 | UCY7987 | ||
| 003 | CL-VaPUC | ||
| 008 | 950623e19650000AG |||||||||||||||||spa|d | ||
| 082 | 0 | 4 | |a 370.1 |b NAS |2 21 |
| 100 | |a Nassif, Ricardo |e autor |9 310372 | ||
| 245 | 1 | 0 | |a Pedagogía de nuestro tiempo: hechos problemas orientaciones |
| 300 | |a 179 p | ||
| 942 | |c BK | ||
| 945 | |d 19950623 00:00:00 |a mfernand | ||
| 260 | |a Buenos Aires |b Kapelusz |c 1965 | ||
| 650 | 0 | |a Filosofía de la educación |9 258384 | |
| 650 | 0 | |a Sociología de la educación |9 260380 | |
| 650 | 0 | |a Cambio social |9 256857 | |
| 650 | 0 | |a Reforma educacional |9 256319 | |
| 650 | 7 | |a EDUCACION Y DESARROLLO |2 CL-VaPUC |9 324696 | |
| 650 | 0 | |a Democracia |9 255256 | |
| 650 | 0 | |a Docentes |9 311365 | |
| 650 | 0 | |a Investigación educacional |9 261192 | |
| 583 | |a last modification |c 19950623 00:00:00 |k Rodrigo Vera | ||
| 490 | 0 | |a Biblioteca de Cultura Pedagógica | |
| 999 | |c 235278 |d 235276 | ||
| 952 | |0 0 |1 0 |4 0 |6 370_100000000000000_NAS_1965 |7 0 |8 A |9 242582 |a BIBEDU |b BIBEDU |d 2019-11-18 |i 1523775 |o 370.1 NAS 1965 |p 1523775 |r 2019-11-18 |w 2019-11-18 |y BK |k EDU | ||